Statistics for Largest Land Animals of the Americas

Click here to take the quiz!

General Stats

  • This quiz has been taken 17,586 times
    (10,595 since last reset)
  • The average score is 12 of 24

Answer Stats

FamilyCategoryAnimal% Correct
UrsidaeSpeciesBrown Bear
92%
UrsidaeSpeciesAmerican Black Bear
87%
BovidaeSpeciesAmerican Bison
82%
CervidaeGeneric TermDeer
81%
UrsidaeSpeciesPolar Bear
80%
FelidaeSpeciesCougar
79%
CanidaeSpeciesGray Wolf
75%
CervidaeSpeciesMoose
75%
FelidaeSpeciesJaguar
72%
CervidaeSpeciesElk
65%
CervidaeSpeciesCaribou
54%
CamelidaeSpeciesLlama
51%
CamelidaeSpeciesAlpaca
46%
AntilocapridaeSpeciesPronghorn
39%
BovidaeSpeciesMountain Goat
31%
BovidaeGenusSheep (Bighorn and Dall)
29%
CaviidaeSpeciesCapybara
24%
TestudinidaeSpeciesGalápagos Tortoise
20%
UrsidaeSpeciesSpectacled Bear
20%
MyrmecophagidaeSpeciesGiant Anteater
19%
BovidaeSpeciesMuskox
14%
CamelidaeSpeciesVicuña
14%
TapiridaeGenusTapir
13%
CamelidaeSpeciesGuanaco
11%

Score Distribution

Percentile by Number Answered

Percent of People with Each Score

Your Score History

You have not taken this quiz since the last reset